000 00683nam a2200289Ia 4500
005 20260324150109.0
008 008 260324s9999 xx 000 0 eng d
020 _a9781003438557
037 _aEBOOK
040 _aCRL
040 _beng
040 _cCRL
041 _2eng
041 _aeng
084 _qCRL
100 _aKeith Soothill
_91202653
245 4 _aThe Prisoner's Release
245 2 _bA Study of the Employment of Ex-Prisoners
260 _bTaylor and Francis
260 _c1974
365 _a
365 _b195
856 _uhttp://www.taylorfrancis.com/books/9781003438557
942 _cEBOOK
999 _c1834125
_d1834125